01929 a2200301 450000500170000000800410001704000560005804100080011404100080012224500530013024600300018326000450021330000460025850002960030450803310060051101680093158600950109965000250119465000260121965000560124565000390130170000280134071000180136871000320138671000370141876500220145585601500147720140905144730.0140227s1997 xx g 0 m mul d aCO-BoUCMbspacJose A. Gerena (modificó)d[Nuevo] aeng aspa00aGood will HuntingcGus Van Sant, directorh[DVD]13aEl indomable Will Hunting a[Lugar desconocido]bMiramax Filmsc1997 a1 DVD, 126 minutosbimagen, sonido, color aSINOPSIS: Una conmovedora historia de un joven descarriado que lucha por encontrar su identidad, viviendo en un mundo en el que puede resolver cualquier problema, excepto la confusión en lo profundo de sí mismo, hasta que un día conoce a su alma gemela que abre su mente y su corazón aCRÉDITOS: Dirigida por Gus Van Sant ; escrita por Matt Damon y Ben Affleck ; producida por Su Armstrong ; música por Danny Elfman ; fotografía por Jean-Yves Escoffier ; diseño de producción por Missy Stewart ; dirección de arte por James McAteer ; ambientación por Jaro Dick ; vestuario por Beatrix Aruna Pasztor0 aREPARTO: Matt Damon, Robin Williams, Ben Affleck, Stellan Skarsgård, Minnie Driver, Casey Affleck, Cole Hauser, John Mighton, Rachel Majorowski, Colleen McCauley aGanadora de dos premios de la Academia, 1998 (mejor actor de reparto, guion de película) 4aAmor en el cinevDVD 4aDrama en el cinevDVD 7aPelículas cinematográficaszEstados UnidosvDVD 7aRelaciones maestro-estudiantevDVD1 aVan Sant, Gusedirector2 aMiramax Films2 aLawrence Bender Productions2 aBe Gentlemen Limited Partnership0 tGood Will Hunting40uhttps://www.youtube.com/watch?v=PaZVjZEFkRszSiga este enlace para ver el trailerzTrailer tomado del canal MOVIECLIPS Trailers vía YouTube.com